|
|
|
|
| LEADER |
01546nam a2200385 i 4500 |
| 001 |
EBC5157524 |
| 003 |
MiAaPQ |
| 005 |
20200127133615.0 |
| 006 |
m o d | |
| 007 |
cr cnu|||||||| |
| 008 |
200127s2018 gw o 000 0 ger d |
| 020 |
|
|
|z 9783110526141
|
| 020 |
|
|
|a 9783110526097
|q (electronic bk.)
|
| 035 |
|
|
|a (MiAaPQ)EBC5157524
|
| 035 |
|
|
|a (Au-PeEL)EBL5157524
|
| 035 |
|
|
|a (OCoLC)1065405655
|
| 040 |
|
|
|a MiAaPQ
|b eng
|e rda
|e pn
|c MiAaPQ
|d MiAaPQ
|
| 050 |
|
4 |
|a HF5415.2
|b .K873 2018
|
| 082 |
0 |
|
|a 658.83
|2 23
|
| 100 |
1 |
|
|a Kurble, Peter,
|e author.
|
| 245 |
1 |
0 |
|a Trends und Forschung Im Marketingmanagement /
|c Peter Kurble, Helena M. Lischka.
|
| 264 |
|
1 |
|a Berlin ;
|a Boston :
|b De Gruyter Oldenbourg,
|c [2018]
|
| 264 |
|
4 |
|c 2018
|
| 300 |
|
|
|a 1 online resource (296 pages)
|
| 336 |
|
|
|a text
|b txt
|2 rdacontent
|
| 337 |
|
|
|a computer
|b c
|2 rdamedia
|
| 338 |
|
|
|a online resource
|b cr
|2 rdacarrier
|
| 588 |
|
|
|a Description based on print version record.
|
| 590 |
|
|
|a Electronic reproduction. Ann Arbor, MI : ProQuest, 2018. Available via World Wide Web. Access may be limited to ProQuest affiliated libraries.
|
| 650 |
|
0 |
|a Marketing research.
|
| 655 |
|
4 |
|a Electronic books.
|
| 700 |
1 |
|
|a Lischka, Helena Maria,
|e author.
|
| 776 |
0 |
8 |
|i Print version:
|a Kurble, Peter.
|t Trends und Forschung Im Marketingmanagement.
|d Berlin ; Boston : De Gruyter Oldenbourg, c2018
|h 296 pages
|z 9783110526141
|
| 797 |
2 |
|
|a ProQuest (Firm)
|
| 856 |
4 |
0 |
|u https://ebookcentral.proquest.com/lib/matrademy/detail.action?docID=5157524
|z Click to View
|